Statistics for Country Neighbour Connect with Jumps and a Map: First Alphabetically, starting with World's First in Alphabetical Order

Click here to take the quiz!

General Stats

  • This quiz has been taken 3,521 times
  • The average score is 71 of 196

Answers on the Map

Answers color-coded by a green-red scale on the quiz's map according to % correct below.
 

Answer Stats

HintHintCountry% Correct
528149.2Afghanistan
100%
615140.9China
87%
584.1169.4Bhutan
84%
556185.9India
84%
583181.8Bangladesh
83%
616219.1Cambodia
82%
610.3194.9Laos
82%
597188.5Myanmar
82%
608207.9Thailand
82%
610.3247.2Malaysia
81%
638.6246.1Brunei
79%
425.5124Albania
66%
430129Greece
66%
437.8117.9Bulgaria
65%
427.5118.5Kosovo
64%
429.5121.7Macedonia
64%
384.2167.2Algeria
63%
384118.7Andorra
63%
420301.2Angola
63%
414.2100.9Austria
63%
39191Belgium
63%
421113Bosnia and Herzegovina
63%
435336.1Botswana
63%
407247Cameroon
63%
427.6239Central African Republic
63%
422.6209.4Chad
63%
418108Croatia
63%
41493.8Czech Republic
63%
433267.2Democratic Republic of the Congo
63%
386105France
63%
40489.9Germany
63%
424.4103.1Hungary
63%
444360.5Lesotho
63%
419.3172.9Libya
63%
423.7117.8Montenegro
63%
366153.5Morocco
63%
418328Namibia
63%
431365South Africa
63%
372127.5Spain
63%
241.4204Antigua and Barbuda
60%
234373Argentina
59%
236319Bolivia
59%
266294Brazil
59%
218384Chile
59%
216.3247.5Colombia
59%
204265.5Ecuador
59%
208292Peru
59%
480.5125Armenia
58%
487.6125Azerbaijan
58%
443.481.2Belarus
58%
43964.8Estonia
58%
479120Georgia
58%
43870.6Latvia
58%
57752Russia
58%
683342Australia
56%
209180.9Bahamas
55%
494.3174Bahrain
54%
246.5217Barbados
53%
180.9203.6Belize
53%
177.4210Guatemala
53%
192228Costa Rica
52%
180.4215El Salvador
52%
184.5210.7Honduras
52%
188.2218.1Nicaragua
52%
198232.5Panama
52%
385.7225Benin
51%
377219Burkina Faso
51%
368235.9Côte d'Ivoire
50%
378.2234.5Ghana
50%
383232.4Togo
50%
447.8272.6Burundi
47%
476.4221.6Djibouti
47%
470234.2Ethiopia
47%
465.8259.9Kenya
47%
447.8267.7Rwanda
47%
459.1282.5Tanzania
47%
447171.3Egypt
46%
466.3209.2Eritrea
46%
501.3152.5Iran
46%
478.8149.9Iraq
46%
459157Israel
46%
462.3158.9Jordan
46%
448.5209.5Sudan
46%
535.7164.2Pakistan
45%
14366Canada
42%
151182Mexico
42%
153129United States
42%
326.7206.9Cape Verde
39%
479.4301.4Comoros
38%
206190.2Cuba
38%
455.3143.7Cyprus
37%
401.573.5Denmark
37%
242.4209.5Dominica
36%
221197Dominican Republic
36%
218196Haiti
34%
664.3290.8East Timor
30%
404255.8Equatorial Guinea
29%
406.5264Gabon
29%
635.5264Indonesia
29%
703.7282.4Papua New Guinea
29%
416.9260.5Republic of the Congo
29%
782.9320.1Fiji
26%
43752Finland
26%
353.3224.2Guinea
25%
347.7220.3Guinea-Bissau
25%
401.757Norway
25%
414.360.5Sweden
25%
344216Gambia
24%
347212Senegal
24%
717.7235.2Federated States of Micronesia
22%
248242Guyana
22%
36382.5Ireland
22%
254.4248.1Suriname
22%
241.6220.6Grenada
21%
34143Iceland
21%
416.4124.2Italy
21%
206200.2Jamaica
21%
693.3140Japan
21%
533100Kazakhstan
21%
548122Kyrgyzstan
21%
408.5113.9San Marino
21%
37786United Kingdom
21%
545.2133.5Tajikistan
20%
513130.6Turkmenistan
20%
525122.5Uzbekistan
20%
21272Kiribati
19%
487162.9Kuwait
19%
509.33187.2Oman
19%
482.1179.9Saudi Arabia
19%
502182.5United Arab Emirates
19%
461.7146.8Lebanon
17%
359.2239.6Liberia
17%
354232.9Sierra Leone
17%
467143Syria
17%
460.3130.6Turkey
17%
402103.1Liechtenstein
16%
434.376.3Lithuania
16%
444.4102Moldova
16%
423.687.1Poland
16%
436.7107.1Romania
16%
427.6113Serbia
16%
42398Slovakia
16%
398.4103.5Switzerland
16%
450.696Ukraine
16%
394.394.2Luxembourg
15%
486324.3Madagascar
15%
456307Malawi
15%
467309.5Mozambique
15%
545.9248.9Maldives
14%
377202.2Mali
14%
354195.5Mauritania
14%
451.3350.1Swaziland
14%
412.9141.1Malta
13%
760.6232.2Marshall Islands
13%
510.1329.1Mauritius
13%
614.2104.1Mongolia
12%
756.2263.4Nauru
12%
569.8166.5Nepal
12%
39386.9Netherlands
12%
776.7391.9New Zealand
12%
397.2114.5Monaco
11%
403.3203.9Niger
11%
398230.8Nigeria
11%
665.7127North Korea
11%
680.5241.3Palau
11%
248.9339.7Paraguay
11%
657220.6Philippines
11%
361.7127.6Portugal
11%
669139South Korea
11%
495.7176.2Qatar
10%
239.4203.4Saint Kitts and Nevis
10%
243.2214.6Saint Lucia
10%
242.7216.8Saint Vincent and the Grenadines
10%
802.8307.7Samoa
10%
395.5260.6São Tomé and Príncipe
10%
438310Zambia
10%
447325Zimbabwe
10%
505.5277Seychelles
9%
413106.5Slovenia
9%
742.1295Solomon Islands
9%
488230Somalia
9%
449.6239.5South Sudan
9%
624.3219.9Vietnam
9%
488.3208.2Yemen
9%
614.2256.7Singapore
8%
562235.3Sri Lanka
8%
652.9182.1Taiwan
8%
798.1328.7Tonga
8%
401148Tunisia
8%
804.5282.8Tuvalu
8%
453.1256.6Uganda
8%
254.9370.2Uruguay
8%
755.5318.6Vanuatu
8%
408.5120.7Vatican City
8%
232235Venezuela
8%
242.5226.6Trinidad and Tobago
7%

Score Distribution

Percentile by Number Answered

Percent of People with Each Score

Your Score History

You have not taken this quiz